Normal view
MARC view
Entry Topical Term
001 - CONTROL NUMBER
- control field: 6122
003 - CONTROL NUMBER IDENTIFIER
- control field: HDC
005 - DATE AND TIME OF LATEST TRANSACTION
- control field: 20230624073226.0
008 - FIXED-LENGTH DATA ELEMENTS
- fixed length control field: 210121|| aca||aabn | a|a d
040 ## - CATALOGING SOURCE
- Original cataloging agency: HDC
- Transcribing agency: HDC
150 ## - HEADING--TOPICAL TERM
- Topical term or geographic name entry element: Marketing Halal
670 ## - SOURCE DATA FOUND
- Source citation: Work cat.: (HDC): HJ. ABDUL RAFEK SALEH 6121, HALAL ACCESS INTO AIRLINES MARKET SME:, 2011
